The BIG geography quiz #1 - Statistics

General Stats
  • This quiz has been taken 295 times
  • The average score is 18 of 28
Answer Stats
Hint Answer % Correct
What is the capital of Norway? Oslo
97%
What tiny country can you find between France and Spain? Andorra
87%
What country claims Taiwan? China
87%
If you are in Hanoi, in what country are you? Vietnam
87%
In which country can you find the Tower of Pisa? Italy
84%
What is the largest island in the world? Greenland
82%
Name the country that is completely surrounded by South Africa. Lesotho
77%
What is the highest mountain in Africa? Mount Kilimanjaro
75%
What is the only country to have 3 capitals? South Africa
74%
What country is ruled by the Kim dynasty since its independence? North Korea
73%
How many countries border France or anything that belongs to France? 11
70%
How many countries border the Caspian Sea? 5
70%
What is the capital city of Malaysia? Kuala Lumpur
66%
What is the youngest country in the world? South Sudan
66%
Which country's capital city is Asuncion? Paraguay
65%
What is the most populous city in Scotland? Glasgow
64%
Name one country bordering lake Titicaca. Peru / Bolivia
60%
In which city is the Taj Mahal located? Agra
59%
Name a mountain range that separates Europe from Asia. Caucasus / Ural
57%
What is the main island of Japan? Honshu
55%
Which US state is home to Mount Rushmore? South Dakota
55%
What country was formerly called South Rhodesia? Zimbabwe
50%
What is the most populous island in the world? Java
47%
How do you say "Finland" in Finnish? Suomi
44%
Which country has the largest oil reserves in the world? Venezuela
39%
What country was formerly called Gilbert Islands? Kiribati
31%
What is the country with the lowest GDP in the world? Tuvalu
18%
What is the most populous Chinese province? Guangdong
14%
No matching quizzes found
Score Distribution
Percent of People with Each Score
Percentile by Number Answered
Your Score History
You have not taken this quiz